000 00937nam a22002897a 4500
001 5240
003 FISKH
005 20241121084554.0
008 241121b cb ||||| |||| 00| 0 eng d
020 _a1842739409
040 _aFISKH
_beng
_cFISKH
_dFISKH
082 _a398.2
100 _aGoldsack, Gaby
_d(1966-)
245 _aThe three billy goats gruff /
_cRetold by Gaby Goldsack Illustrated by Kim Blundell Designed by Jester Designs Lanuage consultant: Betty Root
250 _aEdition in 2002
260 _aLondon :
_bMarks&Spencer,
_c2002.
300 _a29 pages :
_bColor illustrations ;
_c24 cm
505 _aG
520 _aThree billy goats attempt to cross a bridge guarded by a hungry troll.
521 8 _a340L
_bLexile
521 8 _aG
_bRaz-Plus
650 _2Children's
_aFairy tales
650 _2Fiction
_aClassic story
700 _aBlundell, Kim
_dIllustrator
942 _2ddc
_cBK
_n0
999 _c5240
_d5240